Ricardo Porros Architektur in Vaduz und Havanna /
Spremljeno u:
| Glavni autor: | |
|---|---|
| Daljnji autori: | |
| Format: | Knjiga |
| Jezik: | German |
| Izdano: |
Triesen (Liechtenstein) :
Coleba,
c2004.
|
| Teme: | |
| Oznake: |
Dodaj oznaku
Bez oznaka, Budi prvi tko označuje ovaj zapis!
|
MARC
| LEADER | 00000cam a2200000 a 4500 | ||
|---|---|---|---|
| 001 | 5338406 | ||
| 005 | 20150605144246.0 | ||
| 008 | 050509s2004 lh ace bc 000 0dger c | ||
| 020 | |a 3905324091 (pbk.) | ||
| 040 | |a OHX |c OHX |d CLU |d CRU CIICLA | ||
| 082 | |a 720.9 |b P532r | ||
| 100 | 1 | |a Phaf-Rheinberger, Ineke | |
| 245 | 1 | 0 | |a Ricardo Porros Architektur in Vaduz und Havanna / |c Ineke Phaf-Rheinberger. |
| 260 | |a Triesen (Liechtenstein) : |b Coleba, |c c2004. | ||
| 300 | |a 110 páginas : |b ilustraciones (algunas a color), planos, retratos | ||
| 504 | |a Incluye referencias bibliográficas (páginas 106-109). | ||
| 600 | 1 | 4 | |a Porro, Ricardo |d 1925-2014 |x Critica e interpretación |
| 600 | 1 | 4 | |a Porro, Ricardo |d 1925-2014 |v Catálogos |
| 650 | 1 | 4 | |a Arquitectos |z Liechtenstein (Alemania) |v Catalogos |
| 650 | 1 | 4 | |a Arquitectos |z Cuba |v Catalogos. |
| 700 | 1 | |a Porro, Ricardo |d 1925-2014 | |
| 942 | |2 ddc |c REF | ||
| 999 | |c 4270 |d 4270 | ||



